A study of gossip in English and Vietnamese

Introduction; Literature review and theoretical background; Research design and methodology...

সংরক্ষণ করুন:
গ্রন্থ-পঞ্জীর বিবরন
প্রধান লেখক: Hoàng, Thị Hải Yến.
অন্যান্য লেখক: Nguyễn Quang Ngoạn, Ph.D. (hướng dẫn.)
বিন্যাস: অজ্ঞাত
ভাষা:English
প্রকাশিত: Đà Nẵng : Đại học Đà Nẵng, 2011.
বিষয়গুলি:
ট্যাগগুলো: ট্যাগ যুক্ত করুন
কোনো ট্যাগ নেই, প্রথমজন হিসাবে ট্যাগ করুন!
Thư viện lưu trữ: Mạng thư viện Đại học Đà Nẵng
LEADER 01966na a2200349 4500
001 000031741
003 7039
005 20230818093940.0
008 151001s2011 000 eng
040 |a LNN 
041 |a eng 
082 |a 420.4  |b HO-Y 
100 1 |a Hoàng, Thị Hải Yến. 
245 1 2 |a A study of gossip in English and Vietnamese  |h [Thesis-Luận văn thạc sĩ] /  |c Hoàng Thị Hải Yến ; Nguyễn Quang Ngoạn hướng dẫn. 
260 |a Đà Nẵng :  |b Đại học Đà Nẵng,  |c 2011. 
300 |a 93 tr. ;  |c 29 cm. +  |e 1 tóm tắt. 
500 |a Master thesis in the English language. 
520 3 |a Introduction; Literature review and theoretical background; Research design and methodology... 
630 0 4 |a English language. 
650 0 4 |a English language  |x Gossip. 
700 1 |a Nguyễn Quang Ngoạn,  |c Ph.D.,  |e hướng dẫn. 
OWN |a LNN 
AVA |a UDN50  |b LNN  |c English  |d 420.4 HO-Y  |e available  |t Error 5001 Not defined in file expand_doc_bib_avail.  |f 1  |g 0  |h N  |i 0  |j AN  |k 1 
Z40 3 |y A study of gossip in English and Vietnamese  |l Library of UFL  |t VIEW  |x http://catalog.udn.vn:80/F?func=service&doc_library=UDN01&local_base=UDN01&doc_number=000031741&sequence=000001&line_number=0001&func_code=DB_RECORDS&service_type=MEDIA  |f noidungluanvan_000032037.pdf  |e pdf  |s 001493028  |k 20240325  |m NTMTHI 
999 |a From the UDN01 
AVA |a UDN50  |b LNN  |c English  |d 420.4 HO-Y  |e available  |t Error 5001 Not defined in file expand_doc_bib_avail.  |f 1  |g 0  |h N  |i 0  |j AN  |k 1 
TYP |a Printed language 
856 |y A study of gossip in English and Vietnamese  |l Library of UFL  |t VIEW  |x http://catalog.udn.vn:80/F?func=service&doc_library=UDN01&local_base=UDN01&doc_number=000031741&sequence=000001&line_number=0001&func_code=DB_RECORDS&service_type=MEDIA  |f noidungluanvan_000032037.pdf  |e pdf  |s 001493028  |k 20240325  |m NTMTHI 
980 |a Mạng thư viện Đại học Đà Nẵng